000 00555nam a22001817a 4500
005 20251108165242.0
008 250721s9999 xx 000 0 ara d
082 1 4 _a613.2/محم
100 1 _aقرني، محمد
245 1 0 _aالنحافة :
_bأسبابها و علاجها /
264 1 _aالإسكندرية :
_bالمركز العربي للنشر و التوزيع،
_c[19-].
300 _a48ص
490 0 _aمكتبة الصحة و الجمال
650 1 7 _aالصحة
650 1 7 _aالتغذية
942 _2ddc
_cBK
999 _c23272
_d23272